00583 2200229 4500001002100000005001700021008004100038020001800079035002400097082001000121090001700131100002300148245004600171250001000217260002700227300002300254650002900277850001200306980001500318985000600333999001400339YOGYA-0209000005921420090227034623.0 ind  a979-404-704-x 0010-020900000059214 a492.7 a492.7bSyi P aSYIHABUDDIN, Ahmad aPercakapan bahasa ArabcAhmad Syihabuddin aCet.1 aBandungbAngkasac1990 avii,151 hlmc13 cm aBahasa Arab - Percakapan aYOPDYOG a22-07-2008 a1 aP00000870